[Event "23rd ETCC Women 2021"]
[Site "Catez"]
[Date "2021.11.21"]
[Round "9.21"]
[White "Paehtz, Elisabeth"]
[Black "Zaksaite, Salomeja"]
[Result "1-0"]
[WhiteElo "2485"]
[BlackElo "2250"]
[Annotator "RC"]
[PlyCount "143"]
[EventDate "2021.11.08"]
[EventType "team-tourn"]
[EventCountry "SLO"]
[SourceTitle "playchess.com"]
[Source "ChessBase"]
[SourceQuality "1"]
[WhiteTeam "Germany"]
[BlackTeam "Lithuania"]
[WhiteTeamCountry "GER"]
[BlackTeamCountry "LTU"]
[TimeControl "40/5400+30:1800+30"]

1. e4 {[%emt 0:00:02]} e5 {[%emt 0:01:41]} 2. Bc4 {[%emt 0:00:43]} Nf6 {
[%emt 0:00:12]} 3. d3 {[%emt 0:00:04]} Nc6 {[%emt 0:00:08]} 4. Nc3 {[%emt 0:00:
57]} d6 {[%emt 0:02:17]} 5. Nge2 {[%emt 0:04:41]} Bg4 {[%emt 0:08:44]} 6. h3 {
[%emt 0:06:31]} Be6 {[%emt 0:00:04]} 7. Nd5 {[%emt 0:17:34]} Be7 {[%emt 0:11:
10]} 8. c3 {[%emt 0:02:03]} a6 {[%emt 0:02:50]} 9. a4 {[%emt 0:01:33]} Qd7 {
[%emt 0:00:42]} 10. Ng3 {[%emt 0:04:02]} Nd8 {[%emt 0:29:24]} 11. Qf3 {[%emt 0:
07:42]} Rb8 {[%emt 0:00:34]} 12. a5 {[%emt 0:11:29]} h6 {[%emt 0:08:55]} 13.
Be3 {[%emt 0:01:16]} c6 {[%emt 0:09:14]} 14. Nb6 {[%emt 0:00:52]} Qc7 {[%emt 0:
00:04]} 15. Nf5 {[%emt 0:02:57]} Bxf5 {[%emt 0:01:17]} 16. Qxf5 {[%emt 0:00:07]
} O-O {[%emt 0:03:32]} 17. g4 {[%emt 0:04:36]} Kh8 {[%emt 0:02:21]} 18. Qf3 {
[%emt 0:01:57]} Ne6 {[%emt 0:00:28]} 19. h4 {[%emt 0:01:34]} d5 {[%emt 0:03:15]
} 20. exd5 {[%emt 0:01:06]} cxd5 {[%emt 0:00:20]} 21. Nxd5 {[%emt 0:01:37]}
Nxd5 {[%emt 0:00:08]} 22. Bxd5 {[%emt 0:00:25]} Nf4 {[%emt 0:03:18]} 23. Be4 {
[%emt 0:03:29]} g6 {[%emt 0:01:11]} 24. Bxf4 {[%emt 0:02:29]} exf4 {[%emt 0:00:
42]} 25. Kf1 {[%emt 0:04:38]} b6 {[%emt 0:00:20]} 26. h5 {[%emt 0:03:13]} Kg7 {
[%emt 0:00:21]} 27. hxg6 {[%emt 0:00:40]} fxg6 {[%emt 0:00:33]} 28. axb6 {
[%emt 0:00:48]} Rxb6 {[%emt 0:00:04]} 29. Kg2 {[%emt 0:00:56]} Bg5 {[%emt 0:04:
38]} 30. d4 {[%emt 0:00:38]} Rxb2 {[%emt 0:02:05]} 31. Rxa6 {[%emt 0:00:04]}
Rb6 {[%emt 0:00:04]} 32. Rxb6 {[%emt 0:00:16]} Qxb6 {[%emt 0:00:03]} 33. Rb1 {
[%emt 0:00:06]} Qd6 {[%emt 0:01:03]} 34. Rb7+ {[%emt 0:01:26]} Kh8 {[%emt 0:01:
46]} 35. Qd3 {[%emt 0:03:10]} Bf6 {[%emt 0:01:58]} 36. Bf3 {[%emt 0:00:56]} Bg7
{[%emt 0:00:16]} 37. Qb5 {[%emt 0:00:35]} Rc8 {[%emt 0:01:13]} 38. Rd7 {
[%emt 0:00:52]} Qf6 {[%emt 0:00:40]} 39. c4 {[%emt 0:04:22]} Rd8 {[%emt 0:01:
47]} 40. d5 {[%emt 0:01:11]} Rxd7 {[%emt 0:00:24]} 41. Qxd7 {[%emt 0:30:04]}
Bf8 {[%emt 0:02:27]} 42. Be4 {[%emt 0:00:00]} Qe7 {[%emt 0:01:47]} 43. Qxe7 {
[%emt 0:00:00]} Bxe7 {[%emt 0:00:04]} 44. Kf3 {[%emt 0:00:00]} Kg7 {[%emt 0:17:
26]} 45. Bd3 {[%emt 0:00:00]} Kf6 {[%emt 0:00:36]} 46. Kxf4 {[%emt 0:00:00]}
Bc5 {[%emt 0:01:05]} 47. f3 {[%emt 0:00:00]} g5+ {[%emt 0:00:08]} 48. Ke4 {
[%emt 0:00:00]} Bf2 {[%emt 0:00:22]} 49. Bc2 {[%emt 0:00:00]} Bg1 {[%emt 0:05:
02]} 50. Bb3 {[%emt 0:00:00]} Bc5 {[%emt 0:02:35]} 51. Ba4 {[%emt 0:00:00]} Bf2
{[%emt 0:01:51]} 52. d6 {[%emt 0:00:00]} Ke6 {[%emt 0:00:05]} 53. d7 {[%emt 0:
00:00]} Ke7 {[%emt 0:00:08]} 54. Kf5 {[%emt 0:00:00]} Be3 {[%emt 0:00:50]} 55.
Kg6 {[%emt 0:00:00]} Bc1 {[%emt 0:00:35]} 56. Kxh6 {[%emt 0:00:00]} Bf4 {
[%emt 0:00:27]} 57. Kg6 {[%emt 0:00:00]} Bd2 {[%emt 0:00:35]} 58. c5 {[%emt 0:
00:00]} Kd8 {[%emt 0:00:13]} 59. Kf6 {[%emt 0:00:00]} Be3 {[%emt 0:03:03]} 60.
c6 {[%emt 0:00:00]} Bf4 {[%emt 0:00:12]} 61. c7+ {[%emt 0:00:00]} Bxc7 {
[%emt 0:00:15]} 62. Kxg5 {[%emt 0:00:00]} Ke7 {[%emt 0:00:07]} 63. f4 {[%emt 0:
00:00]} Kf7 {[%emt 0:00:11]} 64. Kf5 {[%emt 0:00:00]} Bd8 {[%emt 0:00:37]} 65.
g5 {[%emt 0:00:00]} Kg7 {[%emt 0:00:12]} 66. Kg4 {[%emt 0:00:00]} Kf7 {[%emt 0:
00:21]} 67. f5 {[%emt 0:00:00]} Kg7 {[%emt 0:00:04]} 68. f6+ {[%emt 0:00:00]}
Kg6 {[%emt 0:00:04]} 69. Bc2+ {[%emt 0:00:00]} Kf7 {[%emt 0:00:04]} 70. Kf5 {
[%emt 0:00:07]} Kf8 {[%emt 0:01:04]} 71. g6 {[%emt 0:00:08]} Kg8 {[%emt 0:00:
03]} 72. Bb3+ {[%emt 0:00:06]} 1-0

[Event "23rd ETCC Women 2021"]
[Site "Catez"]
[Date "2021.11.21"]
[Round "9.22"]
[White "Baginskaite, Kamile"]
[Black "Heinemann, Josefine"]
[Result "0-1"]
[WhiteElo "2100"]
[BlackElo "2336"]
[Annotator "NA"]
[PlyCount "54"]
[EventDate "2021.11.08"]
[EventType "team-tourn"]
[EventCountry "SLO"]
[SourceTitle "playchess.com"]
[Source "ChessBase"]
[SourceQuality "1"]
[WhiteTeam "Lithuania"]
[BlackTeam "Germany"]
[WhiteTeamCountry "LTU"]
[BlackTeamCountry "GER"]
[TimeControl "40/5400+30:1800+30"]

1. d4 {[%emt 0:00:26]} Nf6 {[%emt 0:00:08]} 2. Nf3 {[%emt 0:01:14]} d5 {
[%emt 0:00:10]} 3. c4 {[%emt 0:02:15]} e6 {[%emt 0:00:08]} 4. Nc3 {[%emt 0:15:
11]} c5 {[%emt 0:00:36]} 5. cxd5 {[%emt 0:01:07]} cxd4 {[%emt 0:00:08]} 6. Nxd4
{[%emt 0:16:40]} Nxd5 {[%emt 0:01:35]} 7. Ndb5 {[%emt 0:05:46]} a6 {[%emt 0:03:
00]} 8. e4 {[%emt 0:14:22]} Nb4 {[%emt 0:06:26]} 9. Qxd8+ {[%emt 0:04:43]} Kxd8
{[%emt 0:00:32]} 10. Na3 {[%emt 0:00:58]} Bc5 {[%emt 0:06:09]} 11. Bg5+ {
[%emt 0:01:57]} f6 {[%emt 0:01:04]} 12. O-O-O+ {[%emt 0:00:59]} Ke7 {[%emt 0:
01:09]} 13. Bh4 {[%emt 0:01:08]} N8c6 {[%emt 0:03:55]} 14. Nc4 {[%emt 0:03:14]}
b5 {[%emt 0:05:21]} 15. a3 {[%emt 0:05:47]} bxc4 {[%emt 0:00:23]} 16. axb4 {
[%emt 0:00:04]} Bxb4 {[%emt 0:01:55]} 17. Bxc4 {[%emt 0:00:05]} Ne5 {[%emt 0:
05:01]} 18. Ba2 {[%emt 0:05:28]} Bb7 {[%emt 0:02:53]} 19. f3 {[%emt 0:00:07]}
Rac8 {[%emt 0:04:04]} 20. Be1 {[%emt 0:01:08]} a5 {[%emt 0:01:59]} 21. Kc2 {
[%emt 0:03:42]} Ba6 {[%emt 0:04:25]} 22. h3 {[%emt 0:01:13]} Rc7 {[%emt 0:04:
00]} 23. Kb1 {[%emt 0:01:01]} Rb8 {[%emt 0:02:24]} 24. Kc2 {[%emt 0:03:43]} a4
{[%emt 0:02:55]} 25. Rc1 {[%emt 0:04:20]} Bd3+ {[%emt 0:05:43]} 26. Kd1 {
[%emt 0:00:44]} Rd7 {[%emt 0:00:58]} 27. Bd2 {[%emt 0:04:40]} Bxc3 {[%emt 0:01:
07]} 0-1

[Event "23rd ETCC Women 2021"]
[Site "Catez"]
[Date "2021.11.21"]
[Round "9.23"]
[White "Klek, Hanna Marie"]
[Black "Simkunaite, Gabija"]
[Result "1-0"]
[WhiteElo "2343"]
[BlackElo "1962"]
[Annotator "NA"]
[PlyCount "69"]
[EventDate "2021.11.08"]
[EventType "team-tourn"]
[EventCountry "SLO"]
[SourceTitle "playchess.com"]
[Source "ChessBase"]
[SourceQuality "1"]
[WhiteTeam "Germany"]
[BlackTeam "Lithuania"]
[WhiteTeamCountry "GER"]
[BlackTeamCountry "LTU"]
[TimeControl "40/5400+30:1800+30"]

1. e4 {[%emt 0:00:03]} c5 {[%emt 0:00:14]} 2. Nf3 {[%emt 0:00:08]} Nc6 {
[%emt 0:00:15]} 3. d4 {[%emt 0:00:06]} cxd4 {[%emt 0:00:10]} 4. Nxd4 {[%emt 0:
00:06]} e5 {[%emt 0:01:09]} 5. Nb5 {[%emt 0:00:08]} d6 {[%emt 0:02:08]} 6. N1c3
{[%emt 0:00:09]} a6 {[%emt 0:00:31]} 7. Na3 {[%emt 0:00:07]} b5 {[%emt 0:00:04]
} 8. Nd5 {[%emt 0:00:08]} Nf6 {[%emt 0:01:09]} 9. Bg5 {[%emt 0:00:26]} Be7 {
[%emt 0:00:05]} 10. Bxf6 {[%emt 0:00:07]} Bxf6 {[%emt 0:00:11]} 11. c3 {
[%emt 0:00:11]} Bg5 {[%emt 0:01:56]} 12. Nc2 {[%emt 0:00:13]} Be6 {[%emt 0:09:
54]} 13. a4 {[%emt 0:00:53]} bxa4 {[%emt 0:14:54]} 14. Rxa4 {[%emt 0:00:12]}
O-O {[%emt 0:02:25]} 15. h4 {[%emt 0:04:53]} Bh6 {[%emt 0:05:58]} 16. Rxa6 {
[%emt 0:03:14]} Rxa6 {[%emt 0:00:30]} 17. Bxa6 {[%emt 0:00:07]} Bxd5 {[%emt 0:
01:02]} 18. Qxd5 {[%emt 0:02:34]} Ne7 {[%emt 0:02:19]} 19. Qd3 {[%emt 0:03:58]}
Qb6 {[%emt 0:01:29]} 20. b4 {[%emt 0:00:44]} f5 {[%emt 0:02:00]} 21. Bc4+ {
[%emt 0:02:23]} Kh8 {[%emt 0:02:04]} 22. O-O {[%emt 0:01:36]} fxe4 {[%emt 0:08:
59]} 23. Qxe4 {[%emt 0:00:21]} Nf5 {[%emt 0:05:04]} 24. Ra1 {[%emt 0:02:23]}
Qd8 {[%emt 0:06:13]} 25. Bd5 {[%emt 0:09:14]} g6 {[%emt 0:01:15]} 26. Ra8 {
[%emt 0:00:25]} Qf6 {[%emt 0:03:10]} 27. Rxf8+ {[%emt 0:00:34]} Bxf8 {[%emt 0:
00:05]} 28. b5 {[%emt 0:01:32]} Qd8 {[%emt 0:02:21]} 29. h5 {[%emt 0:02:47]}
Qb6 {[%emt 0:03:20]} 30. c4 {[%emt 0:00:50]} Bh6 {[%emt 0:08:19]} 31. Be6 {
[%emt 0:04:29]} Ne7 {[%emt 0:05:20]} 32. Qa8+ {[%emt 0:06:51]} Kg7 {[%emt 0:00:
04]} 33. Qe8 {[%emt 0:00:10]} Bg5 {[%emt 0:00:14]} 34. g4 {[%emt 0:01:58]} gxh5
{[%emt 0:03:02]} 35. Qf7+ {[%emt 0:00:10]} 1-0

[Event "23rd ETCC Women 2021"]
[Site "Catez"]
[Date "2021.11.21"]
[Round "9.24"]
[White "Sibajeva, Marija"]
[Black "Lubbe, Melanie"]
[Result "1/2-1/2"]
[WhiteElo "1946"]
[BlackElo "2311"]
[Annotator "NA"]
[PlyCount "120"]
[EventDate "2021.11.08"]
[EventType "team-tourn"]
[EventCountry "SLO"]
[SourceTitle "playchess.com"]
[Source "ChessBase"]
[SourceQuality "1"]
[WhiteTeam "Lithuania"]
[BlackTeam "Germany"]
[WhiteTeamCountry "LTU"]
[BlackTeamCountry "GER"]
[TimeControl "40/5400+30:1800+30"]

1. e4 {[%emt 0:00:02]} c5 {[%emt 0:00:04]} 2. Nf3 {[%emt 0:00:06]} d6 {[%emt 0:
00:03]} 3. Bb5+ {[%emt 0:00:16]} Bd7 {[%emt 0:00:08]} 4. Qe2 {[%emt 0:00:34]}
Nc6 {[%emt 0:08:17]} 5. Bxc6 {[%emt 0:03:46]} Bxc6 {[%emt 0:00:05]} 6. d4 {
[%emt 0:01:14]} cxd4 {[%emt 0:03:47]} 7. Nxd4 {[%emt 0:00:11]} Bd7 {[%emt 0:02:
55]} 8. O-O {[%emt 0:00:42]} Nf6 {[%emt 0:00:34]} 9. c4 {[%emt 0:09:56]} g6 {
[%emt 0:03:31]} 10. Nc3 {[%emt 0:01:22]} Bg7 {[%emt 0:00:11]} 11. Nb3 {[%emt 0:
06:48]} O-O {[%emt 0:01:11]} 12. f4 {[%emt 0:00:26]} a5 {[%emt 0:07:16]} 13. e5
{[%emt 0:02:01]} dxe5 {[%emt 0:05:57]} 14. fxe5 {[%emt 0:00:05]} Ng4 {[%emt 0:
01:06]} 15. Bf4 {[%emt 0:00:23]} a4 {[%emt 0:07:49]} 16. Nd4 {[%emt 0:04:48]}
Qb6 {[%emt 0:14:03]} 17. Rad1 {[%emt 0:00:06]} Rfd8 {[%emt 0:08:20]} 18. h3 {
[%emt 0:03:28]} Nh6 {[%emt 0:05:20]} 19. Qe3 {[%emt 0:01:06]} Be6 {[%emt 0:06:
17]} 20. Bxh6 {[%emt 0:07:28]} Bxc4 {[%emt 0:05:31]} 21. Nde2 {[%emt 0:09:25]}
Qxe3+ {[%emt 0:01:48]} 22. Bxe3 {[%emt 0:00:04]} Bxe5 {[%emt 0:00:07]} 23. Bb6
{[%emt 0:01:57]} Rdc8 {[%emt 0:05:07]} 24. Bd4 {[%emt 0:01:29]} Bxd4+ {[%emt 0:
03:07]} 25. Rxd4 {[%emt 0:00:10]} Bxe2 {[%emt 0:04:10]} 26. Nxe2 {[%emt 0:00:
03]} Rc2 {[%emt 0:00:06]} 27. Rf2 {[%emt 0:02:53]} Rxb2 {[%emt 0:00:03]} 28.
Nc3 {[%emt 0:00:37]} a3 {[%emt 0:02:13]} 29. Ra4 {[%emt 0:01:55]} Rxa4 {
[%emt 0:00:47]} 30. Nxa4 {[%emt 0:00:05]} Rb1+ {[%emt 0:00:26]} 31. Kh2 {
[%emt 0:01:40]} e5 {[%emt 0:01:29]} 32. Nc3 {[%emt 0:08:47]} Rb4 {[%emt 0:01:
12]} 33. Re2 {[%emt 0:01:01]} f6 {[%emt 0:00:46]} 34. Re4 {[%emt 0:11:12]} Rd4
{[%emt 0:01:16]} 35. Rxd4 {[%emt 0:04:18]} exd4 {[%emt 0:00:01]} 36. Nb1 {
[%emt 0:00:12]} d3 {[%emt 0:01:19]} 37. Kg3 {[%emt 0:00:01]} b5 {[%emt 0:00:25]
} 38. Kf3 {[%emt 0:00:20]} b4 {[%emt 0:00:06]} 39. Nd2 {[%emt 0:00:01]} Kf7 {
[%emt 0:00:41]} 40. Ke3 {[%emt 0:00:11]} Ke6 {[%emt 0:00:38]} 41. Kxd3 {
[%emt 0:30:04]} Kd5 {[%emt 0:31:23]} 42. Kc2 {[%emt 0:04:53]} Kd4 {[%emt 0:00:
00]} 43. Nf1 {[%emt 0:00:00]} f5 {[%emt 0:00:00]} 44. Kd2 {[%emt 0:00:00]} b3 {
[%emt 0:00:53]} 45. axb3 {[%emt 0:00:00]} a2 {[%emt 0:00:03]} 46. Ne3 {[%emt 0:
00:00]} a1=N {[%emt 0:00:09]} 47. b4 {[%emt 0:00:00]} f4 {[%emt 0:01:22]} 48.
Nc2+ {[%emt 0:00:00]} Nxc2 {[%emt 0:00:02]} 49. Kxc2 {[%emt 0:00:00]} Kc4 {
[%emt 0:00:21]} 50. b5 {[%emt 0:00:00]} Kxb5 {[%emt 0:00:02]} 51. Kd3 {[%emt 0:
00:00]} f3 {[%emt 0:02:03]} 52. gxf3 {[%emt 0:00:00]} Kc5 {[%emt 0:00:01]} 53.
Ke4 {[%emt 0:00:00]} Kd6 {[%emt 0:00:08]} 54. Kf4 {[%emt 0:00:00]} h6 {[%emt 0:
00:16]} 55. h4 {[%emt 0:00:12]} Ke6 {[%emt 0:00:19]} 56. Kg4 {[%emt 0:00:12]}
Ke5 {[%emt 0:01:12]} 57. f4+ {[%emt 0:00:12]} Kf6 {[%emt 0:01:07]} 58. h5 {
[%emt 0:00:14]} gxh5+ {[%emt 0:00:22]} 59. Kxh5 {[%emt 0:00:04]} Kf5 {[%emt 0:
00:04]} 60. Kxh6 {[%emt 0:00:04]} Kxf4 {[%emt 0:00:03]} 1/2-1/2

[Event "23rd ETCC Women 2021"]
[Site "Catez"]
[Date "2021.11.21"]
[Round "9.25"]
[White "Repkova, Eva"]
[Black "Brunello, Marina"]
[Result "0-1"]
[WhiteElo "2307"]
[BlackElo "2359"]
[Annotator "NA"]
[PlyCount "120"]
[EventDate "2021.11.08"]
[EventType "team-tourn"]
[EventCountry "SLO"]
[SourceTitle "playchess.com"]
[Source "ChessBase"]
[SourceQuality "1"]
[WhiteTeam "Slovakia"]
[BlackTeam "Italy"]
[WhiteTeamCountry "SVK"]
[BlackTeamCountry "ITA"]
[TimeControl "40/5400+30:1800+30"]

1. e4 {[%emt 0:00:16]} c5 {[%emt 0:00:07]} 2. Nf3 {[%emt 0:00:05]} d6 {[%emt 0:
00:04]} 3. d4 {[%emt 0:00:05]} cxd4 {[%emt 0:00:05]} 4. Qxd4 {[%emt 0:00:06]}
Nc6 {[%emt 0:00:21]} 5. Qe3 {[%emt 0:00:11]} Nf6 {[%emt 0:02:06]} 6. Be2 {
[%emt 0:00:18]} g6 {[%emt 0:01:04]} 7. O-O {[%emt 0:00:35]} Bg7 {[%emt 0:00:02]
} 8. Rd1 {[%emt 0:01:55]} O-O {[%emt 0:03:46]} 9. c4 {[%emt 0:04:48]} Qa5 {
[%emt 0:08:40]} 10. h3 {[%emt 0:15:06]} Nd7 {[%emt 0:01:07]} 11. Nc3 {[%emt 0:
00:16]} Nc5 {[%emt 0:07:27]} 12. Nd5 {[%emt 0:12:07]} f5 {[%emt 0:07:30]} 13.
b4 {[%emt 0:15:55]} Nxb4 {[%emt 0:02:06]} 14. Nxe7+ {[%emt 0:00:33]} Kh8 {
[%emt 0:00:53]} 15. Rb1 {[%emt 0:21:52]} Nc6 {[%emt 0:08:06]} 16. Bb2 {[%emt 0:
10:40]} Nxe7 {[%emt 0:07:07]} 17. Qh6 {[%emt 0:00:37]} Rf6 {[%emt 0:01:49]} 18.
Bxf6 {[%emt 0:01:06]} Bxf6 {[%emt 0:00:06]} 19. Qf8+ {[%emt 0:04:08]} Ng8 {
[%emt 0:00:05]} 20. e5 {[%emt 0:01:13]} Be7 {[%emt 0:08:52]} 21. Qe8 {[%emt 0:
00:22]} Ne4 {[%emt 0:00:10]} 22. exd6 {[%emt 0:02:55]} Nxd6 {[%emt 0:01:02]}
23. Rxd6 {[%emt 0:00:20]} Bxd6 {[%emt 0:00:04]} 24. Ng5 {[%emt 0:00:33]} Be7 {
[%emt 0:03:20]} 25. Nf7+ {[%emt 0:00:21]} Kg7 {[%emt 0:00:04]} 26. Bf3 {
[%emt 0:00:33]} Qxa2 {[%emt 0:07:45]} 27. Rc1 {[%emt 0:00:02]} Be6 {[%emt 0:01:
24]} 28. Qxa8 {[%emt 0:00:09]} Bxf7 {[%emt 0:00:09]} 29. Qxb7 {[%emt 0:00:08]}
Bxc4 {[%emt 0:01:01]} 30. h4 {[%emt 0:01:35]} Bf7 {[%emt 0:06:30]} 31. h5 {
[%emt 0:00:15]} Bd8 {[%emt 0:00:18]} 32. Re1 {[%emt 0:02:40]} a5 {[%emt 0:03:
06]} 33. Re2 {[%emt 0:00:22]} Qc4 {[%emt 0:00:20]} 34. Rd2 {[%emt 0:00:38]} Be7
{[%emt 0:01:15]} 35. g3 {[%emt 0:02:13]} Qb4 {[%emt 0:02:15]} 36. Qd7 {[%emt 0:
00:38]} Nf6 {[%emt 0:00:42]} 37. Qd3 {[%emt 0:00:20]} Ne4 {[%emt 0:00:35]} 38.
Rc2 {[%emt 0:01:07]} a4 {[%emt 0:04:07]} 39. Qe3 {[%emt 0:02:07]} Bg5 {[%emt 0:
02:13]} 40. Qe2 {[%emt 0:00:39]} Qd4 {[%emt 0:06:18]} 41. Rc7 {[%emt 0:00:42]}
Nxf2 {[%emt 0:20:26]} 42. Qa2 {[%emt 0:03:57]} Ne4+ {[%emt 0:00:49]} 43. Kh1 {
[%emt 0:02:33]} Qf6 {[%emt 0:01:38]} 44. Kg2 {[%emt 0:02:38]} a3 {[%emt 0:03:
52]} 45. Bxe4 {[%emt 0:12:30]} fxe4 {[%emt 0:00:23]} 46. Qxa3 {[%emt 0:00:04]}
Qe6 {[%emt 0:03:22]} 47. Qc5 {[%emt 0:01:34]} Qf6 {[%emt 0:02:03]} 48. h6+ {
[%emt 0:07:38]} Bxh6 {[%emt 0:00:28]} 49. Rc8 {[%emt 0:00:04]} Qf3+ {[%emt 0:
02:06]} 50. Kh2 {[%emt 0:00:09]} Qe2+ {[%emt 0:00:42]} 51. Kh1 {[%emt 0:00:06]}
Qh5+ {[%emt 0:00:08]} 52. Qxh5 {[%emt 0:00:06]} gxh5 {[%emt 0:00:03]} 53. Kg2 {
[%emt 0:00:20]} Bg5 {[%emt 0:01:15]} 54. Kf2 {[%emt 0:00:59]} h6 {[%emt 0:00:
15]} 55. Rc6 {[%emt 0:00:17]} e3+ {[%emt 0:00:35]} 56. Ke2 {[%emt 0:00:09]} Bd5
{[%emt 0:00:06]} 57. Rd6 {[%emt 0:01:09]} Bg2 {[%emt 0:00:07]} 58. Re6 {
[%emt 0:00:31]} Kf7 {[%emt 0:00:14]} 59. Re5 {[%emt 0:00:07]} Kf6 {[%emt 0:00:
10]} 60. Re8 {[%emt 0:00:12]} Kf5 {[%emt 0:00:29]} 0-1

[Event "23rd ETCC Women 2021"]
[Site "Catez"]
[Date "2021.11.21"]
[Round "9.26"]
[White "Zimina, Olga"]
[Black "Hagarova, Zuzana"]
[Result "1-0"]
[WhiteElo "2339"]
[BlackElo "2292"]
[Annotator "NA"]
[PlyCount "85"]
[EventDate "2021.11.08"]
[EventType "team-tourn"]
[EventCountry "SLO"]
[SourceTitle "playchess.com"]
[Source "ChessBase"]
[SourceQuality "1"]
[WhiteTeam "Italy"]
[BlackTeam "Slovakia"]
[WhiteTeamCountry "ITA"]
[BlackTeamCountry "SVK"]
[TimeControl "40/5400+30:1800+30"]

1. d4 {[%emt 0:00:05]} Nf6 {[%emt 0:00:10]} 2. Nf3 {[%emt 0:00:07]} g6 {
[%emt 0:00:13]} 3. Nc3 {[%emt 0:00:08]} Bg7 {[%emt 0:10:44]} 4. e4 {[%emt 0:01:
09]} d6 {[%emt 0:00:47]} 5. Be3 {[%emt 0:00:09]} c6 {[%emt 0:02:46]} 6. h3 {
[%emt 0:01:26]} Qa5 {[%emt 0:03:40]} 7. Bd3 {[%emt 0:13:06]} Nbd7 {[%emt 0:02:
28]} 8. O-O {[%emt 0:00:33]} O-O {[%emt 0:01:20]} 9. Qd2 {[%emt 0:03:16]} e5 {
[%emt 0:03:32]} 10. a3 {[%emt 0:23:14]} Qc7 {[%emt 0:03:12]} 11. Rad1 {[%emt 0:
00:16]} Re8 {[%emt 0:03:33]} 12. Rfe1 {[%emt 0:02:42]} Nb6 {[%emt 0:17:01]} 13.
Bh6 {[%emt 0:05:28]} Qe7 {[%emt 0:16:12]} 14. Bf1 {[%emt 0:01:44]} Bd7 {
[%emt 0:01:16]} 15. a4 {[%emt 0:01:16]} Rad8 {[%emt 0:09:28]} 16. a5 {[%emt 0:
01:34]} Nc8 {[%emt 0:09:57]} 17. Be3 {[%emt 0:03:30]} b5 {[%emt 0:01:58]} 18.
b4 {[%emt 0:01:04]} exd4 {[%emt 0:02:46]} 19. Bxd4 {[%emt 0:02:20]} Be6 {
[%emt 0:00:55]} 20. Qg5 {[%emt 0:06:45]} h6 {[%emt 0:01:54]} 21. Qc1 {[%emt 0:
01:20]} Kh7 {[%emt 0:04:54]} 22. Qb2 {[%emt 0:12:01]} c5 {[%emt 0:02:04]} 23.
Nd5 {[%emt 0:00:19]} Bxd5 {[%emt 0:00:36]} 24. exd5 {[%emt 0:00:08]} cxd4 {
[%emt 0:00:31]} 25. Rxe7 {[%emt 0:00:05]} Rxe7 {[%emt 0:00:14]} 26. Qxd4 {
[%emt 0:02:34]} Ne4 {[%emt 0:00:41]} 27. Qd3 {[%emt 0:00:02]} Nc3 {[%emt 0:00:
29]} 28. Rd2 {[%emt 0:01:41]} Rde8 {[%emt 0:00:29]} 29. Nd4 {[%emt 0:00:52]}
Nb1 {[%emt 0:00:34]} 30. Re2 {[%emt 0:00:35]} a6 {[%emt 0:00:31]} 31. c4 {
[%emt 0:02:41]} bxc4 {[%emt 0:00:29]} 32. Qxc4 {[%emt 0:00:59]} Na3 {[%emt 0:
00:34]} 33. Rxe7 {[%emt 0:07:51]} Nxe7 {[%emt 0:00:11]} 34. Qd3 {[%emt 0:00:47]
} Nb5 {[%emt 0:00:46]} 35. Nxb5 {[%emt 0:00:06]} axb5 {[%emt 0:00:29]} 36. Qxb5
{[%emt 0:00:02]} Rf8 {[%emt 0:00:24]} 37. Bd3 {[%emt 0:01:21]} Rc8 {[%emt 0:00:
39]} 38. g3 {[%emt 0:01:11]} Rc1+ {[%emt 0:00:26]} 39. Kg2 {[%emt 0:00:03]} Rc3
{[%emt 0:00:33]} 40. a6 {[%emt 0:00:23]} Nc8 {[%emt 0:00:20]} 41. h4 {[%emt 0:
33:00]} Bd4 {[%emt 0:03:56]} 42. h5 {[%emt 0:00:00]} Nb6 {[%emt 0:11:40]} 43.
Qe8 {[%emt 0:00:00]} 1-0

[Event "23rd ETCC Women 2021"]
[Site "Catez"]
[Date "2021.11.21"]
[Round "9.27"]
[White "Sucikova, Svetlana"]
[Black "Sedina, Elena"]
[Result "1/2-1/2"]
[WhiteElo "2197"]
[BlackElo "2263"]
[Annotator "NA"]
[PlyCount "74"]
[EventDate "2021.11.08"]
[EventType "team-tourn"]
[EventCountry "SLO"]
[SourceTitle "playchess.com"]
[Source "ChessBase"]
[SourceQuality "1"]
[WhiteTeam "Slovakia"]
[BlackTeam "Italy"]
[WhiteTeamCountry "SVK"]
[BlackTeamCountry "ITA"]
[TimeControl "40/5400+30:1800+30"]

1. Nf3 {[%emt 0:00:36]} d5 {[%emt 0:00:28]} 2. d4 {[%emt 0:01:02]} Nf6 {
[%emt 0:00:34]} 3. c4 {[%emt 0:00:53]} c6 {[%emt 0:00:22]} 4. e3 {[%emt 0:01:
15]} Bf5 {[%emt 0:01:21]} 5. Nc3 {[%emt 0:01:05]} e6 {[%emt 0:00:07]} 6. Nh4 {
[%emt 0:01:08]} Bg6 {[%emt 0:02:56]} 7. Be2 {[%emt 0:01:10]} Nbd7 {[%emt 0:00:
48]} 8. g3 {[%emt 0:02:10]} Bd6 {[%emt 0:04:18]} 9. Bd2 {[%emt 0:04:20]} dxc4 {
[%emt 0:14:27]} 10. Nxg6 {[%emt 0:06:36]} hxg6 {[%emt 0:00:06]} 11. Bxc4 {
[%emt 0:00:12]} a6 {[%emt 0:02:56]} 12. Qf3 {[%emt 0:05:23]} Qe7 {[%emt 0:04:
09]} 13. Ne4 {[%emt 0:09:06]} Bb4 {[%emt 0:12:28]} 14. Rd1 {[%emt 0:06:56]}
Nxe4 {[%emt 0:11:58]} 15. Qxe4 {[%emt 0:00:22]} Nf6 {[%emt 0:00:22]} 16. Qf3 {
[%emt 0:04:57]} g5 {[%emt 0:12:11]} 17. O-O {[%emt 0:13:00]} g4 {[%emt 0:04:14]
} 18. Qe2 {[%emt 0:03:35]} Bxd2 {[%emt 0:10:38]} 19. Rxd2 {[%emt 0:00:27]} Ne4
{[%emt 0:00:07]} 20. Rc2 {[%emt 0:01:25]} f5 {[%emt 0:09:59]} 21. f3 {[%emt 0:
03:19]} Nf6 {[%emt 0:00:12]} 22. Qd3 {[%emt 0:04:27]} gxf3 {[%emt 0:02:04]} 23.
Rxf3 {[%emt 0:00:25]} g6 {[%emt 0:01:20]} 24. Qb3 {[%emt 0:10:16]} Kf7 {
[%emt 0:01:27]} 25. e4 {[%emt 0:00:49]} Nxe4 {[%emt 0:00:19]} 26. Re2 {[%emt 0:
00:05]} Kg7 {[%emt 0:02:48]} 27. Bxe6 {[%emt 0:00:38]} Raf8 {[%emt 0:00:15]}
28. Bc4 {[%emt 0:03:53]} b5 {[%emt 0:00:59]} 29. Bd3 {[%emt 0:00:38]} Qd6 {
[%emt 0:00:31]} 30. Bxe4 {[%emt 0:03:02]} Qxd4+ {[%emt 0:00:21]} 31. Qe3 {
[%emt 0:00:07]} Qxe3+ {[%emt 0:00:17]} 32. Rfxe3 {[%emt 0:00:12]} fxe4 {
[%emt 0:00:02]} 33. Rxe4 {[%emt 0:00:10]} Rh5 {[%emt 0:01:20]} 34. Rc2 {
[%emt 0:02:45]} c5 {[%emt 0:00:10]} 35. Re6 {[%emt 0:00:31]} Rf6 {[%emt 0:00:
05]} 36. Re7+ {[%emt 0:01:26]} Rf7 {[%emt 0:00:04]} 37. Re6 {[%emt 0:00:19]}
Rf6 {[%emt 0:00:14]} 1/2-1/2